000 00559nam a2200217Ia 4500
003 OSt
005 20240830113733.0
008 220927b |||||||| |||| 00| 0 eng d
020 _a0120445654
037 _cTextual
040 _aSDCL
_cSDCL
_beng
041 _2eng
_aeng
082 _aI:4 P5
100 _aAgrios, George N.
245 0 _aPlant pathology.
250 _a5th
260 _aNew Jersey
_bElsevier Academic Press
_c2005
300 _axxiii,922p
942 _hI:4 P5
_cTEXL
_2CC
999 _c789557
_d789557